| 000 | 00878nam a2200265 a 4500 | ||
|---|---|---|---|
| 001 | 000000491 | ||
| 003 | DO-SdBNP | ||
| 005 | 20220119101847.0 | ||
| 007 | ta | ||
| 008 | 081112t2018 dr 001 0 spa d | ||
| 040 |
_aDO-SdBNP _bspa _cBNPHU |
||
| 082 | 4 |
_a333.08026 _bR426r _222 |
|
| 110 | 1 |
_aRepública Dominicana. _bLeyes, etc. _9447 |
|
| 240 | 1 | 0 | _a[Leyes, etc.] |
| 245 | 1 | 0 |
_aResolución 2454-2018 : _breglamento general de mensuras catastrales incluye indice y anexos |
| 260 |
_a[Santo Domingo ] : _bDalis, _c2018. |
||
| 300 |
_a126 p. ; _c22 cm. |
||
| 590 | _aInventariado, 2022 / DG | ||
| 650 | 4 |
_aAgrimensura _vREGLAMENTOS _91630 |
|
| 650 | 4 |
_aReconocimientos topográficos _vREGLAMENTOS _91631 |
|
| 650 | 4 |
_aTopografía _vREGLAMENTOS _91632 |
|
| 651 | 4 |
_aRepublica Dominicana _xLevantamientos Topográficos _vREGLAMENTOS _91633 |
|
| 910 | _aDG | ||
| 942 |
_2ddc _cLBS1 |
||
| 999 |
_c51195 _d51195 |
||